[Event "FIN-chT 2223"]
[Site "Finland"]
[Date "2023.04.02"]
[Round "11.7"]
[White "Hamalainen, Sami"]
[Black "Varpanen, Jan"]
[Result "1/2-1/2"]
[WhiteElo "2126"]
[BlackElo "2126"]
[PlyCount "76"]
[EventDate "2022.09.24"]
[EventType "team-tourn"]
[EventRounds "11"]
[EventCountry "FIN"]
[SourceTitle "EXT 2024"]
[Source "ChessBase"]
[SourceDate "2023.10.10"]
[SourceVersion "1"]
[SourceVersionDate "2023.10.10"]
[SourceQuality "1"]
[WhiteTeam "Jyvaskyla JyS"]
[BlackTeam "Vammala SK"]
[WhiteTeamCountry "FIN"]
[BlackTeamCountry "FIN"]

1. e4 c5 2. Nf3 Nc6 3. Bb5 g6 4. 0-0 Bg7 5. Nc3 Nd4 6. Nxd4 cxd4 7. Ne2 Nf6 8. d3 0-0 9. h3 Qc7 10. c4 dxc3 11. Nxc3 d5 12. exd5 a6 13. Bc4 b5 14. Bb3 Bb7 15. Qf3 Rad8 16. Bf4 Qd7 17. Bg5 b4 18. Ne4 Bxd5 19. Bxf6 exf6 20. Bxd5 Qxd5 21. Nxf6+ Bxf6 22. Qxf6 Qxd3 23. Rfe1 Rd6 24. Qe5 Re6 25. Qf4 Qd6 26. Qxd6 Rxd6 27. Rad1 Rfd8 28. Re8+ Rxe8 29. Rxd6 Re1+ 30. Kh2 Re2 31. Rxa6 Rxb2 32. Kg3 h5 33. h4 Kg7 34. a4 Ra2 35. a5 b3 36. Rb6 b2 37. a6 Rxa6 38. Rxb2 Ra3+ 1/2-1/2

[Event "FIN-chT 2223"]
[Site "Finland"]
[Date "2023.01.14"]
[Round "7.5"]
[White "Paakkonen, Timo"]
[Black "Hamalainen, Sami"]
[Result "1-0"]
[WhiteElo "2209"]
[BlackElo "2126"]
[PlyCount "57"]
[EventDate "2022.09.24"]
[EventType "team-tourn"]
[EventRounds "11"]
[EventCountry "FIN"]
[SourceTitle "EXT 2024"]
[Source "ChessBase"]
[SourceDate "2023.10.10"]
[SourceVersion "1"]
[SourceVersionDate "2023.10.10"]
[SourceQuality "1"]
[WhiteTeam "Helsinki Ninja"]
[BlackTeam "Jyvaskyla JyS"]
[WhiteTeamCountry "FIN"]
[BlackTeamCountry "FIN"]

1. e4 c5 2. Nf3 d6 3. c3 Nf6 4. h3 e6 5. Bd3 d5 6. e5 Nfd7 7. 0-0 Nc6 8. Re1 g5 9. Bb5 h5 10. d4 Be7 11. c4 a6 12. Ba4 Nb6 13. cxd5 Nxd5 14. dxc5 Bd7 15. Nc3 Nxc3 16. bxc3 g4 17. Nd4 gxh3 18. Nxc6 Bxc6 19. Bxc6+ bxc6 20. Qf3 Qd5 21. Qxh3 Bxc5 22. Bg5 Rg8 23. Rad1 Qxa2 24. Rd2 Qc4 25. Qxh5 Qxc3 26. Red1 Bb6 27. Qh7 Rf8 28. Qg7 Qb3 29. Qf6 1-0

[Event "FIN-chT 2022"]
[Site "Finland"]
[Date "2022.04.10"]
[Round "8.6"]
[White "Hamalainen, Sami"]
[Black "Narhi, Kimmo"]
[Result "1/2-1/2"]
[WhiteElo "2153"]
[BlackElo "2012"]
[PlyCount "95"]
[EventDate "2020.09.12"]
[EventType "team-tourn"]
[EventRounds "11"]
[EventCountry "FIN"]
[SourceTitle "EXT 2023"]
[Source "ChessBase"]
[SourceDate "2022.10.05"]
[SourceVersion "1"]
[SourceVersionDate "2022.10.05"]
[SourceQuality "1"]
[WhiteTeam "Jyvaskyla JyS"]
[BlackTeam "Salo SalSK"]
[WhiteTeamCountry "FIN"]
[BlackTeamCountry "FIN"]

1. e4 c5 2. Be2 Nc6 3. f4 g6 4. Nf3 Bg7 5. 0-0 d6 6. c3 Nf6 7. d3 c4 8. Na3 cxd3 9. Qxd3 0-0 10. Rd1 Be6 11. Ng5 Bg4 12. Nc2 Qb6+ 13. Kh1 h6 14. Nf3 Rfd8 15. Ne3 Bd7 16. Nd5 Nxd5 17. exd5 Bf5 18. Qe3 Qxe3 19. Bxe3 Nb8 20. Nd4 Bxd4 21. Rxd4 Na6 22. b4 Nc7 23. a4 Rac8 24. Rc1 Bd7 25. b5 Kf8 26. Rdd1 b6 27. c4 Ne8 28. a5 Rb8 29. Ra1 Bc8 30. Ra3 Nf6 31. h3 Ne4 32. Bf3 Nc5 33. g4 f6 34. Kg2 Kf7 35. axb6 axb6 36. Bd4 g5 37. f5 Bd7 38. Ra7 Ke8 39. Be2 Ra8 40. Rda1 Rxa7 41. Rxa7 Rb8 42. Kf3 Kd8 43. Ke3 Kc8 44. Ra3 Kb7 45. Bf3 Ra8 46. Bxc5 bxc5 47. Rb3 Kb6 48. Kf2 1/2-1/2

[Event "FIN-ch Seniors 50"]
[Site "Helsinki"]
[Date "2020.09.26"]
[Round "4"]
[White "Hamalainen, Sami"]
[Black "Salmi, Ilkka"]
[Result "1-0"]
[WhiteElo "2182"]
[BlackElo "1870"]
[PlyCount "56"]
[EventDate "2020.09.24"]
[EventType "tourn"]
[EventRounds "7"]
[EventCountry "FIN"]
[SourceTitle "CBM 198 Extra"]
[Source "ChessBase"]
[SourceDate "2020.11.30"]
[SourceVersion "1"]
[SourceVersionDate "2020.11.30"]
[SourceQuality "1"]

1. e4 e5 2. Nf3 Nc6 3. Bc4 Bc5 4. c3 Nf6 5. d4 exd4 6. cxd4 Bb4+ 7. Bd2 Bxd2+ 8. Nbxd2 0-0 9. e5 Ne8 10. 0-0 d6 11. Qe2 dxe5 12. dxe5 Nd4 13. Qe4 Nxf3+ 14. Nxf3 c6 15. Rad1 Qe7 16. Rfe1 Be6 17. Bxe6 fxe6 18. h4 Nc7 19. Rd6 h6 20. Red1 Nd5 21. Qg6 Rae8 22. Nd4 Qf7 23. Qxf7+ Kxf7 24. Rd3 Nc7 25. Rd7+ Re7 26. Rxc7 Rd8 27. Rxe7+ Kxe7 28. Rd2 Ke8 1-0

[Event "Pormestari WE 5th"]
[Site "Lappeenranta"]
[Date "2019.06.15"]
[Round "3"]
[White "Hamalainen, Sami"]
[Black "Dokutchaev, Aleksander"]
[Result "1/2-1/2"]
[WhiteElo "2178"]
[BlackElo "2412"]
[PlyCount "150"]
[EventDate "2019.06.15"]
[EventType "swiss"]
[EventRounds "5"]
[EventCountry "FIN"]
[SourceTitle "EXT 2021"]
[Source "ChessBase"]
[SourceDate "2020.10.23"]
[SourceVersion "1"]
[SourceVersionDate "2020.10.23"]
[SourceQuality "1"]

1. e4 e5 2. Nf3 Nc6 3. Bc4 Bc5 4. c3 Nf6 5. d4 exd4 6. cxd4 Bb4+ 7. Bd2 Bxd2+ 8. Nbxd2 d5 9. exd5 Nxd5 10. Qb3 Nce7 11. 0-0 0-0 12. Rfe1 Nb6 13. Bd3 Nc6 14. Qc3 Nd5 15. Qc2 h6 16. a3 Nf4 17. Bc4 Nxd4 18. Nxd4 Qxd4 19. Re7 Qd6 20. Re3 Qc6 21. Nf3 Be6 22. Rc1 Qxc4 23. Qxc4 Bxc4 24. Rxc4 Nd5 25. Rb3 Rab8 26. g3 c6 27. Nd4 g6 28. Kf1 Rfd8 29. Nf3 Re8 30. Ra4 a6 31. Rc4 Kg7 32. Kg2 Nf6 33. h3 Ne4 34. Rc2 Nf6 35. Nd4 Rbd8 36. Nf3 Rd7 37. Kf1 Ne4 38. Kg2 Ree7 39. Re3 f5 40. Rce2 Kf6 41. h4 Nc5 42. Ne5 Rc7 43. f4 Ne4 44. Rd3 Re8 45. g4 Nc5 46. g5+ Kg7 47. gxh6+ Kxh6 48. Rd6 Re6 49. Rd8 Rce7 50. Kf3 Ne4 51. Rg2 Nd6 52. Rg8 Rg7 53. Rh8+ Rh7 54. Rg8 Rg7 55. Rxg7 Kxg7 56. h5 b5 57. Nxg6 Nf7 58. Ne7+ Kf8 59. Nxf5 Nd6 60. Nd4 Rh6 61. Rg5 Nc4 62. Nf5 Rh7 63. Rg6 Rxh5 64. Kg4 Rh2 65. Rxc6 Rg2+ 66. Kh5 Nxb2 67. Rxa6 Nd3 68. Rf6+ Ke8 69. Ne3 Ra2 70. Nd5 Nxf4+ 71. Rxf4 Rxa3 72. Nc7+ Kd7 73. Nxb5 Ra5 74. Rf5 Kc6 75. Nd4+ Kb6 1/2-1/2

[Event "FIN-chT 1819"]
[Site "Finland"]
[Date "2019.02.09"]
[Round "7.7"]
[White "Pihlajamaki, Seppo"]
[Black "Hamalainen, Sami"]
[Result "0-1"]
[WhiteElo "1958"]
[BlackElo "2193"]
[PlyCount "72"]
[EventDate "2018.09.15"]
[EventType "team-tourn"]
[EventRounds "11"]
[EventCountry "FIN"]
[SourceTitle "EXT 2021"]
[Source "ChessBase"]
[SourceDate "2020.10.23"]
[SourceVersion "1"]
[SourceVersionDate "2020.10.23"]
[SourceQuality "1"]
[WhiteTeam "Sastamala VammSK"]
[BlackTeam "Jyvaskyla JyS"]
[WhiteTeamCountry "FIN"]
[BlackTeamCountry "FIN"]

1. e4 c5 2. Nf3 g6 3. c3 Bg7 4. d4 cxd4 5. cxd4 d5 6. e5 Nc6 7. Nc3 Nh6 8. Qb3 Nf5 9. Bb5 0-0 10. Ne2 Qb6 11. Qa4 f6 12. 0-0 fxe5 13. Bxc6 bxc6 14. dxe5 Ba6 15. Re1 Bb5 16. Qg4 Bxe2 17. Rxe2 Qb5 18. Re1 e6 19. b3 c5 20. Bd2 Rac8 21. Rac1 Qa6 22. Rc2 Nd4 23. Nxd4 cxd4 24. Rxc8 Rxc8 25. Bb4 d3 26. h4 Rc2 27. Bd6 Qc8 28. Rd1 Rc1 29. Rxc1 Qxc1+ 30. Kh2 Qc8 31. Qd4 Qc2 32. Qxa7 h5 33. Bb4 d2 34. Qb8+ Kh7 35. Bxd2 Qxd2 36. a4 Qxf2 0-1

[Event "FIN-chT 1718"]
[Site "Finland"]
[Date "2018.03.09"]
[Round "9.7"]
[White "Hamalainen, Sami"]
[Black "Simola, Tuomas"]
[Result "1-0"]
[WhiteElo "2171"]
[BlackElo "2092"]
[PlyCount "41"]
[EventDate "2017.09.16"]
[EventType "team-tourn"]
[EventRounds "11"]
[EventCountry "FIN"]
[SourceTitle "EXT 2019"]
[Source "ChessBase"]
[SourceDate "2018.10.10"]
[SourceVersion "1"]
[SourceVersionDate "2018.10.10"]
[SourceQuality "1"]
[WhiteTeam "Jyvaskyla JyS"]
[BlackTeam "Salo SalSK"]
[WhiteTeamCountry "FIN"]
[BlackTeamCountry "FIN"]

1. e4 e6 2. d4 d5 3. Nc3 Nf6 4. Bg5 Bb4 5. exd5 Bxc3+ 6. bxc3 Qxd5 7. Nf3 Ne4 8. Bd2 Nxd2 9. Qxd2 b6 10. Qf4 Ba6 11. Bxa6 Nxa6 12. 0-0 0-0 13. Rfe1 Rad8 14. Re5 Qc4 15. Re3 Nb8 16. Ne5 Qd5 17. Rg3 g6 18. Qh6 Nd7 19. Rh3 Nf6 20. Ng4 Nh5 21. Rxh5 1-0

[Event "FIN-chT 1718"]
[Site "Finland"]
[Date "2018.02.04"]
[Round "8.6"]
[White "Hamalainen, Sami"]
[Black "Wikman, Jimmy"]
[Result "1/2-1/2"]
[WhiteElo "2171"]
[BlackElo "2121"]
[PlyCount "50"]
[EventDate "2017.09.16"]
[EventType "team-tourn"]
[EventRounds "11"]
[EventCountry "FIN"]
[SourceTitle "EXT 2019"]
[Source "ChessBase"]
[SourceDate "2018.10.10"]
[SourceVersion "1"]
[SourceVersionDate "2018.10.10"]
[SourceQuality "1"]
[WhiteTeam "Jyvaskyla JyS"]
[BlackTeam "Karjaa KarjUra"]
[WhiteTeamCountry "FIN"]
[BlackTeamCountry "FIN"]

1. e4 e6 2. d4 d5 3. Nc3 Nf6 4. Bg5 Be7 5. e5 Nfd7 6. h4 a6 7. Qg4 f5 8. Qh5+ g6 9. Qh6 Bxg5 10. Qxg5 Qxg5 11. hxg5 c5 12. f4 Nc6 13. Nf3 cxd4 14. Ne2 Nc5 15. Nexd4 Bd7 16. Bd3 0-0 17. Ke2 Ne4 18. Ke3 Ne7 19. Rh4 Rac8 20. Rc1 Rc7 21. Rch1 Rf7 22. Rc1 Rf8 23. Rh3 b5 24. Rch1 Rf7 25. Nh2 Nc6 1/2-1/2

[Event "FIN-chT 1617"]
[Site "Finland"]
[Date "2017.02.05"]
[Round "8.5"]
[White "Hamalainen, Sami"]
[Black "Titovets, Sergei"]
[Result "1/2-1/2"]
[WhiteElo "2215"]
[BlackElo "2042"]
[PlyCount "61"]
[EventDate "2016.09.17"]
[EventType "team-tourn"]
[EventRounds "11"]
[EventCountry "FIN"]
[SourceTitle "EXT 2022"]
[Source "ChessBase"]
[SourceDate "2021.10.06"]
[SourceVersion "1"]
[SourceVersionDate "2021.10.06"]
[SourceQuality "1"]
[WhiteTeam "Jyvaskyla JyS"]
[BlackTeam "Karjaa KarjUra"]
[WhiteTeamCountry "FIN"]
[BlackTeamCountry "FIN"]

1. e4 Nc6 2. Nf3 e5 3. d4 exd4 4. Bc4 Nf6 5. e5 d5 6. Bb5 Ne4 7. Nxd4 Bd7 8. Bxc6 bxc6 9. 0-0 Bc5 10. Be3 Qe7 11. f3 Ng5 12. f4 Ne4 13. Nd2 Nxd2 14. Qxd2 0-0 15. Rae1 Bb6 16. f5 Qxe5 17. Nxc6 Qd6 18. Ne7+ Qxe7 19. Bxb6 Qd6 20. Bd4 f6 21. Qf2 Rfd8 22. Bc5 Qc6 23. b4 a5 24. a3 axb4 25. axb4 Re8 26. Be7 Qb7 27. Qd4 Bb5 28. Rf3 Qa7 29. Qxa7 Rxa7 30. Rfe3 Raa8 31. Bc5 1/2-1/2

[Event "FIN-chT 1516"]
[Site "Finland"]
[Date "2015.11.07"]
[Round "5.6"]
[White "Linden, Lari"]
[Black "Hamalainen, Sami"]
[Result "1/2-1/2"]
[WhiteElo "2096"]
[BlackElo "2204"]
[PlyCount "63"]
[EventDate "2015.09.12"]
[EventType "team-tourn"]
[EventRounds "11"]
[EventCountry "FIN"]
[SourceTitle "EXT 2017"]
[Source "ChessBase"]
[SourceDate "2016.10.25"]
[SourceVersion "1"]
[SourceVersionDate "2016.10.25"]
[SourceQuality "1"]
[WhiteTeam "Turku TuTS"]
[BlackTeam "Vantaa EtVaS"]
[WhiteTeamCountry "FIN"]
[BlackTeamCountry "FIN"]

1. d4 Nf6 2. c4 e6 3. g3 Bb4+ 4. Bd2 c5 5. Bxb4 cxb4 6. Bg2 0-0 7. e4 d6 8. Ne2 e5 9. 0-0 Re8 10. Re1 Qb6 11. Qd2 Be6 12. d5 Bg4 13. a3 Na6 14. Nc1 Rec8 15. b3 bxa3 16. Nxa3 Bd7 17. Nd3 Qd4 18. Nc2 Qb6 19. Reb1 Nc5 20. Nxc5 Qxc5 21. Ne3 b5 22. cxb5 Qxb5 23. Nc4 Ne8 24. Bf1 Qb8 25. Qe3 Rc7 26. Ra5 Rb7 27. Ra3 h6 28. Rc1 Rc7 29. Rca1 Rb7 30. Na5 Rb6 31. Nc4 Rb7 32. Na5 1/2-1/2

[Event "FIN-chT 1516"]
[Site "Finland"]
[Date "2015.09.12"]
[Round "1.8"]
[White "Puuska, Heini"]
[Black "Hamalainen, Sami"]
[Result "0-1"]
[WhiteElo "1982"]
[BlackElo "2204"]
[PlyCount "66"]
[EventDate "2015.09.12"]
[EventType "team-tourn"]
[EventRounds "11"]
[EventCountry "FIN"]
[SourceTitle "EXT 2016"]
[Source "ChessBase"]
[SourceDate "2015.10.08"]
[SourceVersion "1"]
[SourceVersionDate "2015.10.08"]
[SourceQuality "1"]
[WhiteTeam "Helsinki Velhot"]
[BlackTeam "Vantaa EtVaS"]
[WhiteTeamCountry "FIN"]
[BlackTeamCountry "FIN"]

1. c4 e5 2. g3 d5 3. Bg2 Nf6 4. cxd5 Nxd5 5. Nc3 Nb6 6. Nf3 Nc6 7. 0-0 Be7 8. a3 a5 9. d3 0-0 10. Be3 Be6 11. Rc1 Nd5 12. Nxd5 Bxd5 13. Bc5 Bxc5 14. Rxc5 Qd6 15. Qc1 Rac8 16. e3 Rfd8 17. Rd1 Qf6 18. Ne1 Bxg2 19. Kxg2 Rd6 20. b4 axb4 21. axb4 Nxb4 22. Rxc7 Rxc7 23. Qxc7 e4 24. d4 h5 25. Qb8+ Kh7 26. Qxb7 Nd5 27. h3 Qf5 28. Rb1 Rf6 29. f4 exf3+ 30. Kf2 Qxh3 31. Qxd5 Qh2+ 32. Kf1 Qe2+ 33. Kg1 f2+ 0-1

[Event "FIN-chT 1415"]
[Site "Finland"]
[Date "2015.03.15"]
[Round "11.5"]
[White "Ahvenjarvi, Jani"]
[Black "Hamalainen, Sami"]
[Result "1/2-1/2"]
[WhiteElo "2246"]
[BlackElo "2219"]
[PlyCount "145"]
[EventDate "2014.09.27"]
[EventType "team-tourn"]
[EventRounds "11"]
[EventCountry "FIN"]
[SourceTitle "EXT 2016"]
[Source "ChessBase"]
[SourceDate "2015.10.08"]
[SourceVersion "1"]
[SourceVersionDate "2015.10.08"]
[SourceQuality "1"]
[WhiteTeam "Tampere Tammer"]
[BlackTeam "Vantaa EtVaS"]
[WhiteTeamCountry "FIN"]
[BlackTeamCountry "FIN"]

1. e4 e5 2. Nf3 Nc6 3. Bb5 a6 4. Ba4 Nf6 5. Qe2 b5 6. Bb3 d6 7. c3 Be7 8. 0-0 0-0 9. Rd1 Be6 10. Bxe6 fxe6 11. d4 Qe8 12. Ng5 Nd8 13. dxe5 dxe5 14. Nd2 Nh5 15. Nh3 Qg6 16. a4 Nf7 17. Nf3 Rad8 18. Re1 Nf6 19. axb5 axb5 20. Qxb5 Nd6 21. Qe2 Ng4 22. Bg5 Bxg5 23. Nhxg5 h6 24. Nh3 Rd7 25. Nd2 Nf7 26. f3 Nf6 27. Nc4 Nh5 28. Red1 Rxd1+ 29. Rxd1 Ng5 30. Nxg5 Nf4 31. Qf1 Qxg5 32. Kh1 h5 33. g3 Ng6 34. Qf2 h4 35. Qd2 Qf6 36. Rf1 h3 37. Qe2 Rd8 38. Rd1 Rf8 39. Rd3 Qg5 40. Qd2 Qh5 41. Qd1 Qg5 42. Ne3 Nh8 43. Kg1 Nf7 44. Kf2 Nd6 45. Ke1 Qh5 46. Ng4 Qg5 47. Qd2 Qh5 48. Qe2 Qg5 49. Kd1 Ra8 50. Kc2 Rb8 51. Rd1 Qh5 52. Ra1 Qg5 53. Ra5 Nf7 54. f4 Qd8 55. Nxe5 Nxe5 56. Rxe5 Qd6 57. Qc4 Kf7 58. Rb5 Rd8 59. Qe2 Kg8 60. Rb4 c5 61. Ra4 Qd7 62. Ra1 Rb8 63. Rd1 Qa4+ 64. Kb1 Ra8 65. Qd3 c4 66. Qd7 Qa2+ 67. Kc1 Qb3 68. Qxe6+ Kh8 69. Qxh3+ Kg8 70. Qe6+ Kh8 71. Qh3+ Kg8 72. Qe6+ Kh8 73. Qh3+ 1/2-1/2

[Event "FIN-chT 1415"]
[Site "Finland"]
[Date "2015.02.08"]
[Round "8.5"]
[White "Varpanen, Jan"]
[Black "Hamalainen, Sami"]
[Result "1-0"]
[WhiteElo "1957"]
[BlackElo "2219"]
[PlyCount "145"]
[EventDate "2014.09.27"]
[EventType "team-tourn"]
[EventRounds "11"]
[EventCountry "FIN"]
[SourceTitle "EXT 2016"]
[Source "ChessBase"]
[SourceDate "2015.10.08"]
[SourceVersion "1"]
[SourceVersionDate "2015.10.08"]
[SourceQuality "1"]
[WhiteTeam "Helsinki HSK"]
[BlackTeam "Vantaa EtVaS"]
[WhiteTeamCountry "FIN"]
[BlackTeamCountry "FIN"]

1. d4 Nf6 2. c4 e6 3. Nc3 Bb4 4. Qc2 c5 5. dxc5 Na6 6. a3 Bxc3+ 7. Qxc3 Nxc5 8. f3 d6 9. b4 Na4 10. Qb3 Bd7 11. Bf4 Qb6 12. Rd1 d5 13. e3 Rc8 14. Be5 dxc4 15. Bxc4 Bb5 16. Bd4 Bxc4 17. Qxa4+ Qc6 18. Qxc6+ Rxc6 19. Ne2 Ra6 20. Ra1 0-0 21. Kf2 b5 22. Bc5 Rd8 23. Rhd1 Rxd1 24. Rxd1 h6 25. Ra1 e5 26. e4 Nd7 27. Be3 Bxe2 28. Kxe2 Nb6 29. Bxb6 Rxb6 30. Rc1 Ra6 31. Rc8+ Kh7 32. Rc3 f6 33. Kd2 Rd6+ 34. Kc2 a6 35. a4 bxa4 36. Ra3 Rc6+ 37. Kd3 h5 38. Rxa4 Kg6 39. Ra5 Kf7 40. Rd5 Kg6 41. Rd7 Rc1 42. Ra7 Rc6 43. h4 Kh6 44. g3 Kg6 45. f4 Rd6+ 46. Kc3 Rc6+ 47. Kb3 Rd6 48. fxe5 fxe5 49. Kc4 Rd4+ 50. Kc5 Rxe4 51. Rxa6+ Kf5 52. Ra3 Re1 53. Rb3 e4 54. b5 Ke5 55. b6 Rc1+ 56. Kb4 Rc8 57. b7 Rb8 58. Kc4 Kf5 59. Kd4 Kg4 60. Kxe4 g5 61. hxg5 Kxg5 62. Kf3 Kf5 63. Kg2 Ke5 64. Kh3 Kf6 65. Kh4 Kg6 66. Rb6+ Kf5 67. Kxh5 Rh8+ 68. Rh6 Rb8 69. g4+ Kf4 70. Rh7 Ke5 71. g5 Ke6 72. g6 Kf6 73. g7 1-0

[Event "FIN-chT1B 1415"]
[Site "Finland"]
[Date "2015.01.10"]
[Round "5.1"]
[White "Hamalainen, Sami"]
[Black "Elomaa, Arto"]
[Result "1-0"]
[WhiteElo "2219"]
[BlackElo "2146"]
[PlyCount "73"]
[EventDate "2014.09.27"]
[EventType "team-tourn"]
[EventRounds "7"]
[EventCountry "FIN"]
[SourceTitle "EXT 2017"]
[Source "ChessBase"]
[SourceDate "2016.10.25"]
[SourceVersion "1"]
[SourceVersionDate "2016.10.25"]
[SourceQuality "1"]
[WhiteTeam "Vantaa EtVaS II"]
[BlackTeam "Helsinki HSK II"]
[WhiteTeamCountry "FIN"]
[BlackTeamCountry "FIN"]

1. e4 e5 2. Nf3 Nc6 3. Nc3 Nf6 4. Bb5 Bb4 5. 0-0 0-0 6. d3 Bxc3 7. bxc3 d6 8. Nd2 d5 9. exd5 Nxd5 10. Qf3 Nxc3 11. Bxc6 bxc6 12. Ba3 Re8 13. Rfe1 Nd5 14. Nc4 Qf6 15. Qg3 Ba6 16. Nxe5 Re6 17. Bb2 Rae8 18. Re4 g6 19. Rae1 Bc8 20. Ba1 Qf5 21. Kf1 Nf6 22. R4e2 Nd5 23. c4 Nf4 24. Re4 Nh5 25. Qh4 Qf6 26. Qxf6 Nxf6 27. R4e3 Bb7 28. Nxg6 hxg6 29. Rxe6 Rxe6 30. Rxe6 fxe6 31. Bxf6 Kf7 32. Be5 Ke7 33. Bxc7 Kf6 34. Ke2 e5 35. Ke3 Ke6 36. f3 Bc8 37. Ke4 1-0

[Event "FIN-chT1B 1415"]
[Site "Finland"]
[Date "2014.11.15"]
[Round "3.1"]
[White "Hamalainen, Sami"]
[Black "Chernyak, Viktoria"]
[Result "1-0"]
[WhiteElo "2219"]
[BlackElo "2162"]
[PlyCount "81"]
[EventDate "2014.09.27"]
[EventType "team-tourn"]
[EventRounds "7"]
[EventCountry "FIN"]
[SourceTitle "EXT 2017"]
[Source "ChessBase"]
[SourceDate "2016.10.25"]
[SourceVersion "1"]
[SourceVersionDate "2016.10.25"]
[SourceQuality "1"]
[WhiteTeam "Vantaa EtVaS II"]
[BlackTeam "Mikkeli SK"]
[WhiteTeamCountry "FIN"]
[BlackTeamCountry "FIN"]

1. e4 c5 2. Nc3 Nc6 3. f4 g6 4. Nf3 Bg7 5. Bc4 d6 6. 0-0 e6 7. d3 Nge7 8. f5 0-0 9. fxe6 Bxe6 10. Bg5 Qd7 11. Qe1 h6 12. Qh4 Bxc4 13. dxc4 Kh7 14. Rad1 f6 15. Be3 Qe6 16. b3 Rad8 17. Nd5 a6 18. Rd2 b5 19. Rdf2 Ng8 20. cxb5 axb5 21. Nc7 Qe7 22. Nxb5 Rfe8 23. Nc3 Ra8 24. a4 Nb4 25. Re1 Qb7 26. Nb5 Qc6 27. Qg3 Rad8 28. Bf4 Rxe4 29. Rxe4 Qxe4 30. Nxd6 Qe6 31. h4 Ne7 32. Rd2 Rd7 33. Qe1 Qg4 34. Qg3 Qe6 35. Qe1 Qg4 36. Nc4 Ned5 37. Bd6 Qf5 38. Bxc5 Nxc2 39. Qf2 Ncb4 40. Bxb4 Nxb4 41. Ng5+ 1-0

[Event "FIN Team Cup"]
[Site "Finland"]
[Date "2014.08.23"]
[Round "4.2"]
[White "Nippula, Timo"]
[Black "Hamalainen, Sami"]
[Result "1-0"]
[WhiteElo "2218"]
[BlackElo "2232"]
[PlyCount "77"]
[EventDate "2014.03.29"]
[EventType "team-k.o."]
[EventRounds "6"]
[EventCountry "FIN"]
[SourceTitle "EXT 2022"]
[Source "ChessBase"]
[SourceDate "2021.10.06"]
[SourceVersion "1"]
[SourceVersionDate "2021.10.06"]
[SourceQuality "1"]
[WhiteTeam "KymS"]
[BlackTeam "Vantaa EtVaS"]
[WhiteTeamCountry "FIN"]
[BlackTeamCountry "FIN"]

1. c4 Nf6 2. Nc3 e5 3. Nf3 Nc6 4. g3 d5 5. cxd5 Nxd5 6. Bg2 Nb6 7. 0-0 Be7 8. d3 0-0 9. Be3 Be6 10. Qc1 f6 11. Rd1 Nd4 12. Bxd4 exd4 13. Ne4 Qd7 14. Nc5 Bxc5 15. Qxc5 Rfd8 16. Rdc1 c6 17. a4 Qd6 18. Qxd6 Rxd6 19. a5 Nd7 20. Ra4 c5 21. a6 b5 22. Ra5 Rb8 23. Nd2 Rdb6 24. f4 Rc8 25. Bb7 Rc7 26. Nf3 Nb8 27. Nxd4 Bd7 28. Kf2 Kf7 29. Nb3 c4 30. Nd2 Be6 31. d4 Rcxb7 32. axb7 Rxb7 33. Ne4 Rd7 34. Rxb5 Rxd4 35. Rxb8 Rxe4 36. Rb7+ Kg6 37. Rxa7 Rd4 38. Re7 Bf5 39. Ke3 1-0

[Event "FIN-chT 1314"]
[Site "Finland"]
[Date "2014.03.08"]
[Round "10.5"]
[White "Kauko, Jussi Matti"]
[Black "Hamalainen, Sami"]
[Result "1-0"]
[WhiteElo "2269"]
[BlackElo "2222"]
[PlyCount "85"]
[EventDate "2013.09.21"]
[EventType "team-tourn"]
[EventRounds "11"]
[EventCountry "FIN"]
[SourceTitle "EXT 2015"]
[Source "ChessBase"]
[SourceDate "2014.11.20"]
[SourceVersion "1"]
[SourceVersionDate "2014.11.20"]
[SourceQuality "1"]
[WhiteTeam "Sastamala VammSK"]
[BlackTeam "Vantaa EtVaS"]
[WhiteTeamCountry "FIN"]
[BlackTeamCountry "FIN"]

1. c4 Nf6 2. Nc3 c5 3. g3 g6 4. Bg2 Bg7 5. e4 Nc6 6. Nge2 0-0 7. 0-0 d6 8. a3 a6 9. Rb1 a5 10. d3 Ne8 11. Be3 Nc7 12. d4 cxd4 13. Nxd4 Ne5 14. b3 Bd7 15. Nde2 Ra6 16. h3 Qb8 17. f4 Nc6 18. b4 axb4 19. axb4 b5 20. c5 dxc5 21. Bxc5 Ne6 22. Bf2 Rd8 23. Nd5 Be8 24. Qc2 Ncd4 25. Nxd4 Bxd4 26. Bxd4 Nxd4 27. Nxe7+ Kf8 28. Qc5 Qd6 29. Qxd6 Rdxd6 30. Nd5 Ra3 31. Kh2 Bc6 32. Rfd1 Ne2 33. Ra1 Rb3 34. e5 Rd8 35. Nf6 Rxd1 36. Rxd1 Bxg2 37. Rd8+ Kg7 38. Rg8+ Kh6 39. Ng4+ Kh5 40. Nf6+ Kh6 41. Ng4+ Kh5 42. Rg7 Nxf4 43. Rxh7+ 1-0

[Event "FIN-chT 1314"]
[Site "Finland"]
[Date "2013.10.12"]
[Round "3.6"]
[White "Topi Hulmi, Teemu"]
[Black "Hamalainen, Sami"]
[Result "1/2-1/2"]
[WhiteElo "2235"]
[BlackElo "2222"]
[PlyCount "38"]
[EventDate "2013.09.21"]
[EventType "team-tourn"]
[EventRounds "11"]
[EventCountry "FIN"]
[SourceTitle "EXT 2014"]
[Source "ChessBase"]
[SourceDate "2013.11.20"]
[SourceVersion "1"]
[SourceVersionDate "2013.11.20"]
[SourceQuality "1"]
[WhiteTeam "Turku TuTS"]
[BlackTeam "Vantaa EtVaS"]
[WhiteTeamCountry "FIN"]
[BlackTeamCountry "FIN"]

1. e4 c5 2. Nc3 Nc6 3. g3 g6 4. Bg2 Bg7 5. d3 e6 6. Be3 d6 7. Qd2 Nd4 8. Nd1 e5 9. c3 Ne6 10. Ne2 Ne7 11. 0-0 0-0 12. d4 b6 13. f4 f6 14. Nf2 Qc7 15. Nd3 Ba6 16. d5 Nd8 17. fxe5 fxe5 18. Rxf8+ Kxf8 19. Rf1+ Kg8 1/2-1/2

[Event "FIN-chT 1213"]
[Site "Finland"]
[Date "2013.02.10"]
[Round "11.6"]
[White "Verkasalo, Tommi"]
[Black "Hamalainen, Sami"]
[Result "1-0"]
[WhiteElo "2174"]
[BlackElo "2257"]
[PlyCount "101"]
[EventDate "2012.09.28"]
[EventType "team-tourn"]
[EventRounds "11"]
[EventCountry "FIN"]
[SourceTitle "EXT 2014"]
[Source "ChessBase"]
[SourceDate "2013.11.20"]
[SourceVersion "1"]
[SourceVersionDate "2013.11.20"]
[SourceQuality "1"]
[WhiteTeam "Jyvaskyla JyS"]
[BlackTeam "Vantaa"]
[WhiteTeamCountry "FIN"]
[BlackTeamCountry "FIN"]

1. e4 c5 2. Nf3 d6 3. d4 cxd4 4. Nxd4 Nf6 5. Nc3 Nc6 6. Bg5 Bd7 7. Qd2 Rc8 8. 0-0-0 Nxd4 9. Qxd4 Qa5 10. Bxf6 gxf6 11. Kb1 Qc5 12. f4 Rg8 13. f5 Bh6 14. g3 Qxd4 15. Rxd4 Be3 16. Rc4 Rxc4 17. Bxc4 e6 18. Rd1 Ke7 19. a3 Rc8 20. Bf1 Rc5 21. Rd3 Bg5 22. h4 Bh6 23. b4 Re5 24. Bg2 Bc6 25. g4 a6 26. Kb2 Bf4 27. Kb3 Bh2 28. Rh3 Bg1 29. Rd3 Bf2 30. Rd1 Bxh4 31. Rh1 Bf2 32. fxe6 fxe6 33. Rxh7+ Kf8 34. a4 Be1 35. Nd1 b6 36. Ra7 a5 37. bxa5 bxa5 38. Nc3 f5 39. gxf5 exf5 40. Ra6 Rc5 41. Nb5 Bxe4 42. Bxe4 fxe4 43. Nxd6 Rc3+ 44. Kb2 e3 45. Nf5 e2 46. Re6 Rf3 47. Rf6+ Ke8 48. Ng7+ Ke7 49. Rxf3 Bc3+ 50. Rxc3 e1Q 51. Re3+ 1-0